000
00205 a2200097 4500
001
41070
100
_a
Thompson
245
_a
Leather Craft
260
_a
London
_b
Macmillan & Co.
_c
090
_c
25301
_d
25301
942
_a
NUST-CAE
_c
M
_c
17005
999
_c
276143
_d
276143